Personnage de manga au cheveux rouges/bordeaux - Statistiques

Statistiques générales
  • Ce quiz a été pris 56 fois
  • Le résultat moyen est 8 sur 17
Answers on the Grid
Answers color-coded by a green-red scale on the quiz's grid according to % correct below.
Boa Hanckok
Kagami Taiga
Gaara
Annie Leonhart
Ema
Akashi Seijuro
Kid Eustass
Momo Ayase
Kakyoin
Thorkell
Ichigo Kurosaki
Sasori
Pariston
Renji Abarai
Shanks
Reecom
Dabra
Nagato
Sanemi Shinazugawa
Ryo (Gashiakuta)
Choi Jong-in
Kefla SSJ2
Mina Ashiro
Kurisu Makise
Maki Zenin
Tsukasa Shishio
Sôma Yukihira
Kageyama Tobio
Gogeta SSJ4
Karma Akamane
Gilgamesh
Erza Scarlet
 
Statistiques - réponses
Réponse % Correct
Gaara
97%
Erza Scarlet
79%
Shanks
69%
Sasori
62%
Kid Eustass
59%
Kagami Taiga
56%
Nagato
54%
Akashi Seijuro
51%
Karma Akamane
51%
Renji Abarai
46%
Gogeta SSJ4
41%
Sôma Yukihira
41%
Kakyoin
33%
Ryo (Gashiakuta)
28%
Kurisu Makise
21%
Choi Jong-in
15%
Reecom
15%
Aucun quiz correspondant
Distribution des résultats
% des personnes avec chaque résultat
Percentile par nombre de réponses
Votre historique - résultats
Vous n’avez pas pris ce quiz